[Event "G5-2"]
[Site "Svendborg"]
[Date "2019.04.22"]
[Round "5"]
[White "Pontoppidan, Erik"]
[Black "Agger, Lars Breinholt"]
[Result "0-1"]
[WhiteElo "1740"]
[BlackElo "1810"]
[EventDate "2019.04.18"]
[EventRounds "5"]
[EventCountry "DEN"]
[WhiteFideId "1403478"]
[BlackFideId "1413058"]

1. d4 Nf6 2. c4 g6 3. Nc3 d5 4. cxd5 Nxd5 5. e4 Nxc3 6. bxc3 Bg7 7. Bc4 c5 8. Ne2 Nc6 9. Be3 Bg4 10. f3 Na5 11. Qa4+ Bd7 12. Bb5 Nc6 13. d5 Ne5 14. Bxd7+ Qxd7 15. Qxd7+ Nxd7 16. Rb1 b6 17. f4 Nf6 18. Ng3 h5 19. h4 O-O 20. Ke2 Ng4 21. Bd2 c4 22. Nf1 Rac8 23. Ne3 Nf6 24. Kf3 Rfd8 25. Rb4 e6 26. Rxc4 exd5 27. exd5 Rxc4 28. Nxc4 Nxd5 29. Ne5 Bxe5 30. fxe5 Nxc3 31. Bg5 Rd3+ 32. Kf4 b5 33. a3 a5 34. Be7 Rd2 35. Kf3 Nd5 36. Bd6 b4 37. axb4 axb4 38. Rb1 Rd4 39. g3 Kh7 40. Rb3 g5 41. hxg5 Kg6 42. Bc5 Rg4 43. Rd3 Nc3 44. Be7 Ne4 45. Kg2 Nxg5 46. Rb3 h4 47. Bxb4 h3+ 48. Kh2 Re4 49. g4 Re2+ 50. Kh1 Ne4 51. Be7 Re1+ 52. Kh2 Nf2 53. Bh4 Rh1+ 54. Kg3 Rg1+ 55. Kxf2 h2 56. Rh3 h1=Q 57. Rxh1 Rxh1 58. Bf6 Ra1 59. Kg2 Ra3 60. Kf2 Kh7 61. Kg2 Kg8 62. Kf2 Kf8 63. Kg2 Ke8 64. Kf2 Kd7 65. Ke2 Ke6 66. Kf2 Kd5 67. Ke2 Ke4 68. Kf2 Ra2+ 69. Kg3 Ra1 70. Bg7 Rg1+ 71. Kh4 Kf4  0-1

[Event "G5-2"]
[Site "Svendborg"]
[Date "2019.04.22"]
[Round "5"]
[White "Hansen, Erik"]
[Black "Raahauge, Hans"]
[Result "1-0"]
[WhiteElo "1708"]
[BlackElo "1617"]
[EventDate "2019.04.18"]
[EventRounds "5"]
[EventCountry "DEN"]
[WhiteFideId "1413503"]
[BlackFideId "1417754"]

1. e4 e5 2. Bc4 d6 3. Nf3 h6 4. d4 exd4 5. Nxd4 Be7 6. O-O Nf6 7. Nc3 O-O 8. h3 Bd7 9. Nd5 Nxd5 10. exd5 Bf6 11. Be3 c5 12. dxc6 bxc6 13. c3 d5 14. Be2 Re8 15. Bg4 Bxg4 16. Qxg4 Bxd4 17. Bxd4 Qg5 18. Rae1 Rf8 19. Qxg5 hxg5 20. Re5 Nd7 21. Rxg5 f6 22. Rg3 Rfe8 23. b4 a6 24. f4 Kf7 25. Kf2 Re4 26. Rf3 Rae8 27. Be3 f5 28. g4 g6 29. gxf5 gxf5 30. Rg1 Rg8 31. Rxg8 Kxg8 32. Rg3+ Kf7 33. Rg5 Ke6 34. Kf3  1-0

[Event "G5-2"]
[Site "Svendborg"]
[Date "2019.04.22"]
[Round "5"]
[White "Andersen, Per"]
[Black "Raahauge, Lars"]
[Result "0-1"]
[WhiteElo "1657"]
[BlackElo "1916"]
[EventDate "2019.04.18"]
[EventRounds "5"]
[EventCountry "DEN"]
[WhiteFideId "1445081"]
[BlackFideId "1410199"]

1. d4 Nf6 2. c4 e5 3. dxe5 Ne4 4. Nf3 Nc6 5. e3 b6 6. Bd3 Nc5 7. Be2 Bb7 8. O-O g5 9. h3 h5 10. Nc3 g4 11. Nh2 gxh3 12. g3 Nxe5 13. b4 Ne6 14. Bb2 Bxb4 15. Nd5 Bd6 16. Nf4 h4  0-1

[Event "G5-2"]
[Site "Svendborg"]
[Date "2019.04.22"]
[Round "5"]
[White "Pedersen, Kim"]
[Black "Horslund, Mikael"]
[Result "1/2-1/2"]
[WhiteElo "1661"]
[BlackElo "1723"]
[EventDate "2019.04.18"]
[EventRounds "5"]
[EventCountry "DEN"]
[WhiteFideId "1404105"]
[BlackFideId "1421042"]

1. d4 Nf6 2. Nc3 d6 3. Nf3 c6 4. Bf4 Qa5 5. Bd2 Qc7 6. e4 e5 7. Be2 h6 8. O-O g5 9. dxe5 dxe5 10. a3 Nbd7 11. b4 Nb6 12. Rb1 Be6 13. Re1 Bd6 14. a4 Rd8 15. Qc1 Nh7 16. Bd3 f6 17. Be3 Nc4 18. Bxc4 Bxc4 19. Nd2 Be6 20. Ne2 O-O 21. c4 Ra8 22. c5 Be7 23. Qc2 Rfd8 24. Red1 Nf8 25. Nc4 h5 26. Ng3 h4 27. Nf5 Bxf5 28. exf5 Rd5 29. Qb3 Kg7 30. Rxd5 cxd5 31. Na3 d4 32. Bd2 Qd7 33. Qd3 Qd5 34. f3 Rc8 35. Nc4 Nd7 36. Kf2 Nb8 37. Rb2 Nc6 38. Rb1 Nd8 39. Rb2 Nf7 40. Qc2 Nh6 41. Qd3 Qd7 42. Qe4 b6 43. Nxb6 axb6 44. cxb6 Nxf5 45. a5 Nd6 46. Qd5 g4 47. a6 g3+ 48. hxg3 hxg3+ 49. Ke2 Qf5 50. a7 Qh5 51. a8=Q Rxa8 52. Qxa8 Qh2 53. Kd3 Qh7+ 54. Ke2 Qh1 55. Kd3 Qh7+  1/2-1/2